| 000 | 00737nam a22002057a 4500 | ||
|---|---|---|---|
| 005 | 20100819150921.0 | ||
| 010 | _aENG-100921 | ||
| 020 |
_c195.00 _a9788121613279 |
||
| 035 | _aEN-84454 | ||
| 037 | _bDBAD/PUB | ||
| 082 | _a181.4 | ||
| 100 |
_aChopra, Kiran _915265 |
||
| 245 |
_aBlessings : _cby Kiran Chopra _bcome, let us follow the footprints of those who guided us to walk / |
||
| 260 |
_aNew Delhi _bMain Street _c2009 |
||
| 270 |
_bNew Delhi _aJ-40, Jorbagh Lane _e110003 |
||
| 300 |
_a240p. _c21cm (pbk) _ephotoes |
||
| 700 | _915246 | ||
| 942 |
_2ddc _cEN _h181.4 _mCHO |
||
| 999 |
_c42579 _d42579 |
||